| 000 | 00747cam a22002411 4500 | ||
|---|---|---|---|
| 001 | sa 64009193 | ||
| 003 | DLC | ||
| 005 | 20260227112100.0 | ||
| 008 | 850506r1956uuuuio ab f000 0 eng | ||
| 010 | _asa 64009193 | ||
| 035 | _a(OCoLC)12002995 | ||
| 040 |
_aDLC _cIDeKN _dDLC |
||
| 043 | _aa-io--- | ||
| 050 | 0 | 0 |
_aDS646.29.D5 _bA5 1956 |
| 110 | 1 |
_aIndonesia. _bDepartemen Penerangan. |
|
| 245 | 1 | 0 |
_aShort guide : _bDjakarta, Bogor, Bandung. |
| 250 | _a4th ed. | ||
| 260 |
_aDjakarta : _bMinistry of Information, Republic of Indonesia, _c[1956] |
||
| 300 |
_a160 p. : _bill., folded maps ; _c21 cm. |
||
| 651 | 0 |
_aJakarta (Indonesia) _vGuidebooks. |
|
| 651 | 0 |
_aBogor (Indonesia) _vGuidebooks. |
|
| 651 | 0 |
_aBandung (Indonesia) _vGuidebooks. |
|
| 999 |
_c61303 _d61303 |
||